000 00222nam a22000977a 4500
999 _c12856
_d12856
082 _a324.22
100 _aRaja Rasheed Mehmood
245 _aQuaid-e-Azam Afkar-o-Kirdar
260 _aPakistan
_bDarul Noman
_c2018
942 _cBK